[Event "Titled Tue 26th Aug Early"]
[Site "chess.com INT"]
[Date "2025.08.26"]
[Round "6"]
[White "Gustafsson, Jan"]
[Black "Myagmarsuren, Evsuld"]
[Result "1-0"]
[WhiteTitle "GM"]
[BlackTitle "FM"]
[WhiteElo "2591"]
[BlackElo "2247"]
[WhiteFideId "4625498"]
[BlackFideId "1551639"]
[EventDate "2025.08.26"]

1. Nf3 d5 2. d4 Nf6 3. c4 c6 4. Nc3 e6 5. e3 Nbd7 6. Bd3 dxc4 7. Bxc4 b5 8. Bd3
Bb7 9. O-O a6 10. e4 c5 11. d5 Qc7 12. Qe2 c4 13. Bc2 Bc5 14. dxe6 fxe6 15. e5
Nd5 16. Ne4 Be7 17. Neg5 Qc6 18. Nd4 Nf4 19. Qe4 Qxe4 20. Bxe4 Bxg5 21. Bxb7 Ra7
22. Bc6 Ke7 23. g3 Nh3+ 24. Kg2 Bxc1 25. Raxc1 Ng5 26. f4 Nf7 27. b3 Nc5 28.
bxc4 Nd3 29. Rc3 bxc4 30. Rxc4 Rc7 31. Rb1 Rhc8 32. Rc3 Ndxe5 33. fxe5 Nxe5 34.
Rb6 Kd6 35. Rxa6 Nxc6 36. Nb5+ Kd7 37. Nxc7 Rxc7 38. a4 Nb4 39. Rxc7+ Kxc7 40.
Rxe6 1-0

[Event "Titled Tue 26th Aug Early"]
[Site "chess.com INT"]
[Date "2025.08.26"]
[Round "6"]
[White "Salasan, Haran"]
[Black "Tran Le Vy"]
[Result "0-1"]
[WhiteTitle "CM"]
[BlackTitle "WFM"]
[WhiteElo "2059"]
[BlackElo "1973"]
[WhiteFideId "3221253"]
[BlackFideId "12423599"]
[EventDate "2025.08.26"]

1. d4 d5 2. c4 dxc4 3. e3 a6 4. Bxc4 e6 5. Nf3 Nf6 6. O-O b5 7. Bd3 c5 8. a4 c4
9. Be2 Bb7 10. b3 cxb3 11. axb5 Bd5 12. bxa6 Qb6 13. Bb2 Nxa6 14. Nc3 Nc7 15.
Rxa8+ Bxa8 16. Bc4 Bd6 17. Bxb3 Bxf3 18. gxf3 O-O 19. Ne4 Nxe4 20. fxe4 Rb8 21.
e5 Bf8 22. Bxe6 fxe6 23. Bc3 Qc6 24. Bd2 Bb4 25. Qb1 Qb7 26. Bc1 Be7 27. Qd3 Qb5
28. Qc3 Nd5 29. Qc2 Rf8 30. Qe4 Rf5 31. Kh1 Qxf1# 0-1

[Event "Titled Tue 26th Aug Early"]
[Site "chess.com INT"]
[Date "2025.08.26"]
[Round "6"]
[White "Saydaliev, Saidakbar"]
[Black "Baches Garcia, Guillermo"]
[Result "1-0"]
[WhiteTitle "IM"]
[BlackTitle "IM"]
[WhiteElo "2455"]
[BlackElo "2305"]
[WhiteFideId "14203693"]
[BlackFideId "2209764"]
[EventDate "2025.08.26"]

1. e4 e6 2. d3 d5 3. Nd2 Nf6 4. g3 Be7 5. Bg2 a5 6. Ngf3 a4 7. a3 O-O 8. O-O c5
9. Re1 h6 10. e5 Nh7 11. h4 Nc6 12. c3 f5 13. exf6 Nxf6 14. Nf1 Bd6 15. c4 d4
16. N3d2 e5 17. Ne4 Nxe4 18. Bxe4 Qf6 19. Qc2 Bf5 20. Nh2 Kh8 21. Kg2 Rf7 22.
Bxf5 Qxf5 23. Re4 Nd8 24. Qe2 Ne6 25. Bd2 Raf8 26. f3 Qg6 27. Re1 Bc7 28. Qd1
Nf4+ 29. Bxf4 Rxf4 30. Qxa4 Bd8 31. h5 Qg5 32. Rxe5 R4f5 33. f4 Qf6 34. Re8 Bc7
35. Rxf8+ Qxf8 36. Re8 1-0

[Event "Titled Tue 26th Aug Early"]
[Site "chess.com INT"]
[Date "2025.08.26"]
[Round "6"]
[White "Khadour, Ismael"]
[Black "Ugarte Soto, Cesar"]
[Result "1-0"]
[WhiteTitle "FM"]
[BlackTitle "CM"]
[WhiteElo "1992"]
[BlackElo "2088"]
[WhiteFideId "7601930"]
[BlackFideId "3601331"]
[EventDate "2025.08.26"]

1. e4 c5 2. Nc3 Nc6 3. g3 h5 4. Bg2 e6 5. f4 h4 6. Nge2 Rb8 7. d3 b5 8. Be3 b4
9. Na4 Qa5 10. b3 d6 11. e5 d5 12. Nb2 Qc7 13. g4 h3 14. Bf3 Nge7 15. d4 Ng6 16.
dxc5 Nh4 17. Rf1 Ba6 18. Nd3 Nd8 19. Rf2 Nb7 20. c6 Qxc6 21. Nd4 Qc3+ 22. Kf1
Nc5 23. Ne2 Nxd3 24. cxd3 Qxd3 25. Qxd3 Bxd3 26. Kg1 Be7 27. Nd4 O-O 28. Nc6
Rbe8 29. Nxe7+ Rxe7 30. Bc5 Rc8 31. Bxe7 Rc7 32. Bxh4 1-0

[Event "Titled Tue 26th Aug Early"]
[Site "chess.com INT"]
[Date "2025.08.26"]
[Round "6"]
[White "Arias Igual, Alejandro"]
[Black "Carrasco Miranda, Andres"]
[Result "1-0"]
[WhiteTitle "FM"]
[BlackTitle "CM"]
[WhiteElo "2242"]
[BlackElo "2226"]
[WhiteFideId "2254905"]
[BlackFideId "3405990"]
[EventDate "2025.08.26"]

1. e4 c5 2. Nf3 Nc6 3. Bb5 g6 4. Bxc6 dxc6 5. h3 Bg7 6. O-O Nf6 7. d3 O-O 8. Nc3
Nd7 9. Be3 b6 10. Qd2 e5 11. Bh6 Re8 12. Bxg7 Kxg7 13. Nh2 Nf8 14. f4 exf4 15.
Qxf4 Be6 16. Nf3 h6 17. Kh1 g5 18. Qg3 Ng6 19. Ne2 Qb8 20. e5 Bd5 21. Nc3 Bxf3
22. Qxf3 Nxe5 23. Qf6+ Kg8 24. Qxh6 Re6 25. Qxg5+ Rg6 26. Qf4 Qc7 27. Rae1 Re8
28. Ne4 Ree6 29. Qh4 Nd7 30. Rf5 Rh6 31. Rg5+ Kf8 32. Qg4 Rhg6 33. Rf1 Rxg5 34.
Nxg5 Ne5 35. Nxe6+ 1-0

[Event "Titled Tue 26th Aug Early"]
[Site "chess.com INT"]
[Date "2025.08.26"]
[Round "6"]
[White "Izafatava, Kira"]
[Black "Akshaya Sathi"]
[Result "1-0"]
[WhiteTitle "WCM"]
[BlackTitle "WCM"]
[WhiteElo "1945"]
[BlackElo "2008"]
[WhiteFideId "13521705"]
[BlackFideId "25130340"]
[EventDate "2025.08.26"]

1. e4 g6 2. d4 Bg7 3. c3 d6 4. Be3 Nd7 5. Nd2 Ngf6 6. h3 O-O 7. f4 e5 8. Ngf3
exf4 9. Bxf4 Re8 10. Qc2 b6 11. O-O-O Bb7 12. Bd3 a6 13. Bg5 b5 14. Rde1 Qc8 15.
e5 dxe5 16. dxe5 Nd5 17. e6 Rxe6 18. Rxe6 fxe6 19. h4 Nc5 20. h5 h6 21. Bxg6
hxg5 22. h6 Bf6 23. Bf7+ 1-0

[Event "Titled Tue 26th Aug Early"]
[Site "chess.com INT"]
[Date "2025.08.26"]
[Round "6"]
[White "Silva, Luca"]
[Black "Oleksiyenko, Mykhaylo"]
[Result "0-1"]
[WhiteTitle "FM"]
[BlackTitle "GM"]
[WhiteElo "2214"]
[BlackElo "2569"]
[WhiteFideId "147370"]
[BlackFideId "4152417"]
[EventDate "2025.08.26"]

1. e4 c5 2. Nf3 e6 3. c3 d5 4. e5 d4 5. d3 Ne7 6. g3 Ng6 7. Bg2 Nc6 8. Qe2 Qc7
9. O-O Ncxe5 10. Nxe5 Qxe5 11. Qc2 Be7 12. Na3 O-O 13. h4 Rd8 14. Nc4 Qh5 15.
Re1 e5 16. cxd4 cxd4 17. Bd2 Rb8 18. a3 Bf5 19. Bb4 Bxh4 20. gxh4 Nxh4 21. Nxe5
Nxg2 22. Kxg2 Bh3+ 23. Kh2 Rd5 24. f4 Rc8 25. Qf2 f6 26. Kg1 fxe5 27. fxe5 Qg6+
28. Kh2 Qxd3 29. Rf1 Rc2 30. Qxc2 Qxc2+ 31. Kxh3 h6 32. Rf8+ Kh7 33. Rf3 Rxe5
34. Rg1 Rh5+ 35. Kg3 Rg5+ 36. Kh3 Rxg1 0-1

[Event "Titled Tue 26th Aug Early"]
[Site "chess.com INT"]
[Date "2025.08.26"]
[Round "6"]
[White "Miserendino, Alfredo"]
[Black "Babiarz, Arkadiusz"]
[Result "0-1"]
[BlackTitle "CM"]
[WhiteElo "2032"]
[BlackElo "2172"]
[WhiteFideId "101800"]
[BlackFideId "21804362"]
[EventDate "2025.08.26"]

1. e4 e5 2. Nf3 Nc6 3. Bb5 a6 4. Ba4 Nf6 5. O-O Bc5 6. Re1 O-O 7. c3 d5 8. exd5
Qxd5 9. Bxc6 Qxc6 10. Nxe5 Qd5 11. d4 Bd6 12. h3 c5 13. Qf3 cxd4 14. Qxd5 Nxd5
15. cxd4 Bf5 16. Nc3 Nb4 17. Rd1 Nc2 18. Nc4 Nxa1 19. Nxd6 Bg6 20. Bg5 Nc2 21.
Be7 Rfb8 22. Nd5 b5 23. f4 f6 24. f5 Bf7 25. Nxf7 Kxf7 26. g4 Ne3 27. Nxe3 Kxe7 0-1

[Event "Titled Tue 26th Aug Early"]
[Site "chess.com INT"]
[Date "2025.08.26"]
[Round "6"]
[White "Mecit, Emre"]
[Black "Estrada Nieto, Julian"]
[Result "1-0"]
[BlackTitle "IM"]
[WhiteElo "2007"]
[BlackElo "2182"]
[WhiteFideId "6304214"]
[BlackFideId "5101018"]
[EventDate "2025.08.26"]

1. Nf3 d5 2. g3 Nf6 3. Bg2 Bf5 4. O-O e6 5. d3 h6 6. Nc3 Nc6 7. a3 Be7 8. e3 O-O
9. Qe2 Bh7 10. e4 d4 11. Nd1 e5 12. h3 Nd7 13. c3 dxc3 14. bxc3 Nc5 15. Nb2 Nb3
16. Rb1 Nxc1 17. Rfxc1 Bxa3 18. Rd1 Bxb2 19. Qxb2 b6 20. Qb5 Qe8 21. Re1 a6 22.
Qc4 Qe6 23. Qxe6 fxe6 24. d4 exd4 25. cxd4 Rfd8 26. Rbc1 Nxd4 27. Nxd4 Rxd4 28.
Rxc7 b5 29. e5 Rad8 30. Rc6 Bf5 31. g4 Rd1 32. Rxd1 Rxd1+ 33. Kh2 Bd3 34. Rxa6
b4 35. Rxe6 Bc4 36. Rb6 b3 37. e6 Kf8 38. f4 Rd2 39. Kg3 b2 40. Be4 1-0

[Event "Titled Tue 26th Aug Early"]
[Site "chess.com INT"]
[Date "2025.08.26"]
[Round "6"]
[White "Willim, Michael"]
[Black "Pournami S"]
[Result "0-1"]
[WhiteTitle "CM"]
[BlackTitle "WCM"]
[WhiteElo "2023"]
[BlackElo "1753"]
[WhiteFideId "4632435"]
[BlackFideId "25732439"]
[EventDate "2025.08.26"]

1. c4 Nf6 2. Nf3 e6 3. g3 d5 4. Bg2 Be7 5. O-O O-O 6. b3 c6 7. Bb2 Nbd7 8. d3 b6
9. Nbd2 Bb7 10. Rc1 Rc8 11. Rc2 c5 12. cxd5 Nxd5 13. a3 Bf6 14. Qa1 Re8 15. Nc4
b5 16. Nd6 Bxb2 17. Qxb2 Qb6 18. Nxe8 Rxe8 19. b4 cxb4 20. axb4 Qd6 21. Nd4 a6
22. Rfc1 h6 23. Nc6 N7b6 24. e4 Ne7 25. e5 Qxd3 26. Rd2 Qg6 27. Nxe7+ Rxe7 28.
Rd8+ Kh7 29. Qd4 Nc4 30. Bxb7 Rxb7 31. Qc5 Qe4 32. Qf8 Nxe5 33. Rc3 Qe1+ 34. Kg2
Qxc3 0-1

[Event "Titled Tue 26th Aug Early"]
[Site "chess.com INT"]
[Date "2025.08.26"]
[Round "6"]
[White "Raghav V"]
[Black "Alcazar Jimenez, Jesus Alberto"]
[Result "1/2-1/2"]
[WhiteTitle "FM"]
[BlackTitle "FM"]
[WhiteElo "2343"]
[BlackElo "2172"]
[WhiteFideId "25922475"]
[BlackFideId "2209756"]
[EventDate "2025.08.26"]

1. e4 c5 2. Nf3 e6 3. d4 cxd4 4. Nxd4 Nf6 5. Nc3 Nc6 6. Nxc6 bxc6 7. e5 Nd5 8.
Ne4 f5 9. exf6 Nxf6 10. Nd6+ Bxd6 11. Qxd6 Qe7 12. Qxe7+ Kxe7 13. f4 a5 14. a4
Ba6 15. b3 Bxf1 16. Rxf1 Ne4 17. Ba3+ c5 18. Ke2 d5 19. Kd3 Rhf8 20. Rae1 Kd7
21. Rf3 g6 22. Rxe4 dxe4+ 23. Kxe4 Rf5 24. c4 Kc6 25. g4 Rff8 26. Bb2 Rad8 27.
Bc3 Kb6 28. Rh3 Rd7 29. Ke5 Rff7 30. Re3 Rde7 31. Rd3 Rd7 32. Re3 Rde7 33. Re1
Rd7 34. Re3 1/2-1/2

[Event "Titled Tue 26th Aug Early"]
[Site "chess.com INT"]
[Date "2025.08.26"]
[Round "6"]
[White "Zepeda Berlanga, Jan Enrique"]
[Black "Turcsanyi, Vince Gergo"]
[Result "0-1"]
[WhiteTitle "CM"]
[BlackTitle "FM"]
[WhiteElo "2003"]
[BlackElo "2297"]
[WhiteFideId "5132355"]
[BlackFideId "791784"]
[EventDate "2025.08.26"]

1. e4 c5 2. Nf3 d6 3. d4 cxd4 4. Nxd4 Nf6 5. Nc3 g6 6. Be3 Bg7 7. f3 O-O 8. Qd2
Nc6 9. O-O-O d5 10. exd5 Nxd5 11. Nxc6 bxc6 12. Bd4 e5 13. Bc5 Re8 14. Bc4 Be6
15. Ne4 Nf4 16. Bb3 Bxb3 17. axb3 Ne6 18. Qc3 Qb8 19. Bd6 Qb5 20. h4 Nf4 21. Kb1
Nd5 22. Qe1 f5 23. Nc3 Nxc3+ 24. bxc3 e4 25. f4 a5 26. h5 a4 27. b4 Qc4 28. Qf1
Qxc3 29. Kc1 e3 0-1

[Event "Titled Tue 26th Aug Early"]
[Site "chess.com INT"]
[Date "2025.08.26"]
[Round "6"]
[White "Tureshbayev, Anuar"]
[Black "Harriott, Tyrell"]
[Result "1-0"]
[WhiteTitle "CM"]
[WhiteElo "2214"]
[BlackElo "1933"]
[WhiteFideId "651081709"]
[BlackFideId "2086484"]
[EventDate "2025.08.26"]

1. Nf3 d5 2. e3 e6 3. b3 f5 4. Bb2 Nf6 5. c4 Bd6 6. d3 O-O 7. Nbd2 Nbd7 8. h3 c6
9. Qc2 Qe7 10. Be2 e5 11. O-O-O a6 12. g4 b5 13. gxf5 Rb8 14. Ng5 Nb6 15. Ne6
Bxe6 16. fxe6 Qxe6 17. c5 Na4 18. cxd6 Nxb2 19. Kxb2 Qxd6 20. Rc1 Rfc8 21. Qc5
Qe6 22. Nf3 a5 23. d4 Ne4 24. Qc2 exd4 25. Nxd4 Qf6 26. Bg4 Rc7 27. Kb1 b4 28.
Ne2 Qxf2 29. Be6+ Kh8 30. Bxd5 Qxe2 31. Qxe2 Nc3+ 32. Rxc3 bxc3 33. Bc4 a4 34.
Qd3 axb3 35. axb3 Rcc8 36. Qxc3 h6 37. Rg1 Rc7 38. h4 Rcb7 39. h5 Ra7 40. e4
Rba8 41. e5 Re7 42. e6 Rf8 43. Rg6 Kh7 44. Bd3 Rf1+ 45. Bxf1 Rxe6 46. Qxg7# 1-0

[Event "Titled Tue 26th Aug Early"]
[Site "chess.com INT"]
[Date "2025.08.26"]
[Round "6"]
[White "Smirnov, Mark"]
[Black "Ibrahimli, Murad"]
[Result "1-0"]
[WhiteTitle "FM"]
[BlackTitle "IM"]
[WhiteElo "2359"]
[BlackElo "2445"]
[WhiteFideId "13764594"]
[BlackFideId "13410229"]
[EventDate "2025.08.26"]

1. e4 c6 2. d4 d5 3. Nc3 dxe4 4. Nxe4 Nf6 5. Nxf6+ exf6 6. c3 Bd6 7. Bd3 O-O 8.
Ne2 Re8 9. O-O h6 10. Ng3 Be6 11. f4 c5 12. f5 Bc8 13. Bf4 cxd4 14. cxd4 Bxf4
15. Rxf4 Nc6 16. Nh5 Kh7 17. Qg4 Rg8 18. Bc4 Qe7 19. Rf3 Kh8 20. Qh4 Bd7 21. Re1
Qf8 22. Qf4 Qb4 23. Rc1 Qxb2 24. Rd1 Qc2 25. Bb3 Qe2 26. Nxf6 Rgd8 27. Re3 Qb5
28. Rh3 1-0

[Event "Titled Tue 26th Aug Early"]
[Site "chess.com INT"]
[Date "2025.08.26"]
[Round "6"]
[White "Fernandes, Rogerio Paulo Muller"]
[Black "Hejazipour, Mitra"]
[Result "0-1"]
[BlackTitle "WGM"]
[WhiteElo "2241"]
[BlackElo "2329"]
[WhiteFideId "2101599"]
[BlackFideId "12505951"]
[EventDate "2025.08.26"]

1. c4 Nf6 2. g3 g6 3. Bg2 Bg7 4. Nf3 O-O 5. O-O c5 6. Nc3 Nc6 7. a3 d6 8. Rb1 a5
9. d3 e5 10. Bg5 h6 11. Bxf6 Bxf6 12. Nd5 Bg7 13. b4 axb4 14. axb4 cxb4 15. Nxb4
Nxb4 16. Rxb4 d5 17. cxd5 Qxd5 18. Nd2 Qd6 19. Qb1 f5 20. Bxb7 Bxb7 21. Rxb7
Rab8 22. Qb3+ Kh7 23. Rb1 Rxb7 24. Qxb7 e4 25. Rb6 Qd4 26. Nb3 Qb2 27. dxe4 Qxe2
28. Qa6 Qe1+ 29. Qf1 Qxe4 30. Qc1 f4 31. Nd2 Qd5 0-1

[Event "Titled Tue 26th Aug Early"]
[Site "chess.com INT"]
[Date "2025.08.26"]
[Round "6"]
[White "Marcziter, Dmitrii"]
[Black "Gavarrete, Nahun"]
[Result "0-1"]
[WhiteTitle "FM"]
[BlackTitle "FM"]
[WhiteElo "2188"]
[BlackElo "2281"]
[WhiteFideId "13900765"]
[BlackFideId "8400709"]
[EventDate "2025.08.26"]

1. e4 e5 2. Nf3 Nc6 3. Bc4 Be7 4. d4 exd4 5. c3 Nf6 6. e5 Ng4 7. cxd4 d5 8. Bb5
O-O 9. h3 Nh6 10. Bxh6 gxh6 11. O-O Bf5 12. Nc3 Bg6 13. Qb3 a6 14. Be2 Be4 15.
Rfd1 Qd7 16. Nxe4 dxe4 17. d5 Na5 18. Qc3 exf3 19. Bxf3 Qb5 20. Qxc7 Bc5 21. e6
Qb6 22. Qg3+ Kh8 23. b4 Qxb4 24. Rab1 Qa3 25. Qe5+ f6 26. Qf4 Qxa2 27. Be4 Rg8
28. Qxf6+ Rg7 29. Qxh6 Qxf2+ 30. Kh1 Rag8 31. Rg1 Qg3 32. Rgf1 Nc4 33. Rbc1 Ne3
34. Rfe1 Ba7 35. Qf6 Nxg2 36. Bf5 Nh4 37. e7 Qg2# 0-1

[Event "Titled Tue 26th Aug Early"]
[Site "chess.com INT"]
[Date "2025.08.26"]
[Round "6"]
[White "Bok, Benjamin"]
[Black "Weetik, Vjacheslav"]
[Result "1-0"]
[WhiteTitle "GM"]
[BlackTitle "FM"]
[WhiteElo "2587"]
[BlackElo "2423"]
[WhiteFideId "1017063"]
[BlackFideId "4153472"]
[EventDate "2025.08.26"]

1. d4 d5 2. c4 c6 3. cxd5 cxd5 4. Nf3 Nf6 5. Nc3 Nc6 6. Bf4 a6 7. Rc1 Bf5 8. e3
Nh5 9. Be5 Rc8 10. Be2 e6 11. O-O Nf6 12. Qb3 Na5 13. Qa4+ Nc6 14. Bxf6 gxf6 15.
a3 Bd6 16. b4 O-O 17. g3 Kh8 18. Qb3 Rg8 19. Na4 Qe7 20. Nc5 Rc7 21. Rc3 Bh3 22.
Rfc1 f5 23. Nxb7 Nxd4 24. Nxd4 Rxb7 25. Bxa6 Rc7 26. Rxc7 Bxc7 27. Qc3 Be5 28.
Nc6 Bxc3 29. Nxe7 Bb2 30. Rc2 Ra8 31. Rxb2 Rxa6 32. Rb3 Rb6 33. b5 e5 34. f3 d4
35. exd4 exd4 36. Nd5 Re6 37. Nf4 Re1+ 38. Kf2 Rf1+ 39. Ke2 Ra1 40. Nxh3 1-0

[Event "Titled Tue 26th Aug Early"]
[Site "chess.com INT"]
[Date "2025.08.26"]
[Round "6"]
[White "Karthik, Sai Ch"]
[Black "Chelly, Yahya"]
[Result "1-0"]
[WhiteTitle "CM"]
[BlackTitle "CM"]
[WhiteElo "2159"]
[BlackElo "1949"]
[WhiteFideId "46649484"]
[BlackFideId "5516200"]
[EventDate "2025.08.26"]

1. Nf3 d5 2. g3 Nf6 3. Bg2 Bg4 4. O-O Bxf3 5. Bxf3 c6 6. d4 Nbd7 7. c4 e6 8. Nc3
Be7 9. Qd3 O-O 10. e4 dxe4 11. Nxe4 Nxe4 12. Qxe4 Nf6 13. Qe3 Qd7 14. Bd2 Rfd8
15. Bc3 Rac8 16. Rad1 Qe8 17. Rfe1 Qf8 18. d5 Bc5 19. Qg5 h6 20. Qh4 cxd5 21.
Bxf6 gxf6 22. cxd5 exd5 23. Bxd5 Bxf2+ 24. Kxf2 Qc5+ 25. Kf1 Rxd5 26. Rxd5 Qxd5
27. Qg4+ Kh7 28. Qxc8 Qd3+ 29. Kg1 Qd4+ 30. Kg2 Qd2+ 31. Kf1 Qd3+ 32. Re2 Qd1+
33. Kf2 Qd4+ 34. Ke1 Qg1+ 35. Kd2 Qd4+ 36. Kc2 Kg7 37. Qc3 Qg4 38. Rf2 Qg6+ 39.
Qd3 Qg5 40. Qf5 Qe3 41. Qxf6+ Kh7 42. Qxf7+ Kh8 43. Qf8+ 1-0

[Event "Titled Tue 26th Aug Early"]
[Site "chess.com INT"]
[Date "2025.08.26"]
[Round "6"]
[White "Nepomniachtchi, Ian"]
[Black "Shandrygin, Nikita"]
[Result "1-0"]
[WhiteTitle "GM"]
[BlackTitle "FM"]
[WhiteElo "2742"]
[BlackElo "2209"]
[WhiteFideId "4168119"]
[BlackFideId "24198668"]
[EventDate "2025.08.26"]

1. d4 d5 2. c4 Nc6 3. Nc3 Nf6 4. Nf3 dxc4 5. d5 Na5 6. Qa4+ c6 7. b4 b5 8. Qxa5
Qxa5 9. bxa5 b4 10. Nd1 cxd5 11. g3 e6 12. Bg2 Ba6 13. O-O Be7 14. Nd4 Rc8 15.
Re1 O-O 16. Rb1 g6 17. Ne3 e5 18. Ndc2 d4 19. Nxb4 Bxb4 20. Rxb4 dxe3 21. Bxe3
Rc7 22. Rd1 c3 23. Rd6 c2 24. Rxa6 c1=Q+ 25. Bxc1 Rxc1+ 26. Bf1 Nd5 27. Rb2 Rd8
28. Rd2 Kg7 29. h4 e4 30. Rxa7 Ne3 31. Rxd8 Rxf1+ 32. Kh2 Rxf2+ 33. Kh3 h5 34.
g4 hxg4+ 35. Kg3 Rf1 36. Rdd7 Nf5+ 37. Kxg4 Kg8 38. a6 Rg1+ 39. Kf4 1-0

[Event "Titled Tue 26th Aug Early"]
[Site "chess.com INT"]
[Date "2025.08.26"]
[Round "6"]
[White "Di Nicolantonio, Lucas"]
[Black "Gubajdullin, Alexei"]
[Result "0-1"]
[WhiteTitle "IM"]
[BlackTitle "FM"]
[WhiteElo "2409"]
[BlackElo "2228"]
[WhiteFideId "680460"]
[BlackFideId "4141202"]
[EventDate "2025.08.26"]

1. e4 c5 2. Nf3 d6 3. d4 cxd4 4. Nxd4 Nf6 5. Nc3 g6 6. Be2 Bg7 7. O-O Nc6 8. Be3
O-O 9. a4 Nb4 10. a5 e5 11. Ndb5 a6 12. Nxd6 Nxc2 13. Nxc8 Nxe3 14. Qxd8 Rxd8
15. Ne7+ Kf8 16. Nxg6+ hxg6 17. fxe3 Rac8 18. Rad1 Rxd1 19. Bxd1 Ne8 20. Bb3 Nd6
21. Rd1 Rd8 22. Kf2 Bh6 23. Ke2 Kg8 24. h4 Bf8 25. g4 Kg7 26. g5 Rc8 27. Rd5 f6
28. gxf6+ Kxf6 29. Rd1 Rc5 30. Nd5+ Kg7 31. Rg1 Nxe4 32. h5 g5 33. Kd3 Nf2+ 34.
Ke2 Rb5 35. Kxf2 Rxb3 36. Rxg5+ Kf7 37. Rxe5 Rxb2+ 38. Kf3 Bd6 39. Rf5+ Ke6 40.
e4 Rb3+ 41. Kg4 Rg3+ 42. Kh4 Rg1 43. h6 Be5 44. Kh5 Re1 45. h7 Bd4 46. Nf4+ Ke7 0-1

[Event "Titled Tue 26th Aug Early"]
[Site "chess.com INT"]
[Date "2025.08.26"]
[Round "6"]
[White "Csonka, Balazs"]
[Black "Goncharov, Vladimir"]
[Result "1-0"]
[WhiteTitle "IM"]
[WhiteElo "2467"]
[BlackElo "2077"]
[WhiteFideId "742910"]
[BlackFideId "34162256"]
[EventDate "2025.08.26"]

1. Nf3 Nf6 2. c4 c5 3. Nc3 Nc6 4. e3 g6 5. d4 cxd4 6. exd4 d5 7. cxd5 Nxd5 8.
Qb3 Nxc3 9. Bc4 Nd5 10. Bxd5 e6 11. Bxc6+ bxc6 12. O-O Qb6 13. Qc3 Bg7 14. Bf4
O-O 15. Be5 Ba6 16. Bxg7 Kxg7 17. Rfc1 Rac8 18. d5+ Kg8 19. dxc6 Rfd8 20. Ne5
Qd4 21. Qxd4 Rxd4 22. Rc5 Rc7 23. a3 f6 24. Nd7 Kf7 25. b4 Ke7 26. Rac1 Bc8 27.
Nb8 e5 28. f3 h5 29. b5 h4 30. R5c4 Rxc4 31. Rxc4 g5 32. a4 Be6 33. Rc1 Rc8 34.
Na6 Rd8 35. Nc5 Bc8 36. a5 Rd2 37. b6 axb6 38. axb6 h3 39. b7 Rxg2+ 40. Kh1 Bxb7
41. Nxb7 1-0

[Event "Titled Tue 26th Aug Early"]
[Site "chess.com INT"]
[Date "2025.08.26"]
[Round "6"]
[White "Kocharin, Timur"]
[Black "Aghasiyev, Kamal"]
[Result "1-0"]
[WhiteTitle "FM"]
[BlackTitle "IM"]
[WhiteElo "2310"]
[BlackElo "2441"]
[WhiteFideId "16240936"]
[BlackFideId "13402854"]
[EventDate "2025.08.26"]

1. e4 e5 2. Nf3 Nc6 3. Bb5 a6 4. Ba4 Nf6 5. O-O b5 6. Bb3 Bc5 7. a4 Rb8 8. c3 d6
9. d4 Bb6 10. a5 Ba7 11. h3 h6 12. Be3 O-O 13. Nbd2 Re8 14. Re1 exd4 15. cxd4
Bb7 16. d5 Bxe3 17. Rxe3 Nb4 18. Nf1 c5 19. dxc6 Nxc6 20. Qd2 Nxe4 21. Bxf7+
Kxf7 22. Qd5+ Kf8 23. Rxe4 Rxe4 24. Qxe4 Ne5 25. Qf4+ Qf6 26. Qxf6+ gxf6 27. Nd4
Rc8 28. Ne3 Nd3 29. b3 Rc1+ 30. Rxc1 Nxc1 31. Kf1 Be4 32. f3 Bg6 33. Ke1 Bf7 34.
Nef5 Nxb3 35. Nxb3 Bxb3 36. Nxd6 h5 37. Ne4 Ke7 38. Nc5 Bc4 39. Nxa6 Kd6 40. h4
f5 41. Kd2 f4 42. Nb4 Kc5 43. Nd3+ Kd4 44. Nxf4 b4 45. Ne2+ Ke5 46. Nc1 Kf4 47.
Nd3+ Kg3 48. Nxb4 Kxh4 49. a6 Bxa6 50. Nxa6 Kg3 51. Ke2 Kxg2 52. Nc5 h4 53. Ne4
h3 54. Nf2 Kg3 55. Ke3 h2 56. f4 Kh4 57. Kf3 1-0

[Event "Titled Tue 26th Aug Early"]
[Site "chess.com INT"]
[Date "2025.08.26"]
[Round "6"]
[White "Foldes, Marton Gabor"]
[Black "Atzl, Florian"]
[Result "1-0"]
[WhiteTitle "FM"]
[BlackTitle "CM"]
[WhiteElo "2293"]
[BlackElo "2146"]
[WhiteFideId "794708"]
[BlackFideId "1635891"]
[EventDate "2025.08.26"]

1. c3 Nf6 2. d4 c5 3. g3 g6 4. Bg2 Bg7 5. dxc5 Na6 6. b4 Nxb4 7. cxb4 Nh5 8. g4
Bxa1 9. gxh5 a5 10. b5 a4 11. b6 gxh5 12. Qc2 d6 13. Bb2 Bxb2 14. Qxb2 Rg8 15.
Be4 dxc5 16. Bxh7 Rf8 17. Be4 Ra6 18. Qb5+ Bd7 19. Qxc5 Qxb6 20. Qc2 Qb4+ 21.
Nd2 Rd6 22. Nf3 Bc6 23. O-O Rg8+ 24. Kh1 Bxe4 25. Nxe4 Rc6 26. Qd3 Qc4 27. Qxc4
Rxc4 28. Ng3 Rc2 29. Rb1 Rxa2 30. Rxb7 Ra1+ 31. Kg2 Rg4 32. Ne5 Rd4 33. Nf5 Rd8
34. Rxe7+ Kf8 35. Rxf7+ Kg8 36. Nh6+ Kh8 37. Ng6# 1-0

[Event "Titled Tue 26th Aug Early"]
[Site "chess.com INT"]
[Date "2025.08.26"]
[Round "6"]
[White "Manvelyan, Mikayel"]
[Black "Tang, Andrew"]
[Result "0-1"]
[WhiteTitle "FM"]
[BlackTitle "GM"]
[WhiteElo "2386"]
[BlackElo "2538"]
[WhiteFideId "13310143"]
[BlackFideId "2059630"]
[EventDate "2025.08.26"]

1. d4 d5 2. c4 e6 3. Nf3 Nf6 4. g3 dxc4 5. Bg2 Nc6 6. Qa4 Bd7 7. Qxc4 Na5 8. Qc2
Rc8 9. O-O c5 10. dxc5 Bxc5 11. Nc3 b5 12. a3 Nc4 13. Bg5 h6 14. Bxf6 Qxf6 15.
Rac1 Qe7 16. Ne4 Ne3 17. Qd3 Nxf1 18. Ne5 Bxf2+ 19. Kxf2 Rxc1 20. Nd6+ Kf8 21.
Bxf1 Qf6+ 22. Nf3 Bc6 23. Qe3 Rd1 24. Qc5 Bxf3 25. exf3 Qxb2+ 26. Ke3 Re1+ 27.
Kf4 Qd2+ 28. Kg4 Kg8 29. Qc8+ Kh7 30. Qc6 Rxf1 31. Qe4+ f5+ 32. Nxf5 Qg5+ 33.
Kh3 exf5 0-1